| 000 | 00724nam a2200181Ia 4500 | ||
|---|---|---|---|
| 008 | 151018s9999 xx 000 0 und d | ||
| 082 |
_bRBASDV32953 _a923.1 |
||
| 100 | _aबहादूर राय | ||
| 245 | _aवीर शिरोमणी महाराणा प्रतापसिंह | ||
| 250 | _b2 | ||
| 260 |
_bराजस्थानी ग्रंथागार _c2001 |
||
| 300 | _a53 | ||
| 600 | _aबहादूर राय | ||
| 630 | _aवीर शिरोमणी महाराणा प्रतापसिंह | ||
| 700 | _aबहादूर राय | ||
| 730 | _aवीर शिरोमणी महाराणा प्रतापसिंह | ||
| 942 | _cBOOK | ||
| 999 |
_c1032473 _d1032470 |
||